• 首页
  • 本馆介绍
  • 公告通知
  • 最新文献
  • 馆藏检索
  • 电子资源
  • 读者导购
  • 参考咨询
  • 我的图书馆
  • 登录
  • 详细信息显示
  • 放入我的书架
  • 预约/预借图书
  • 作者相关作品
  • 分类相关作品
  • 丛书相关作品
  • 出版社相关作品

书目信息

  • 表格格式
  • 工作单格式
  • 卡片格式
题名:
性别与德性
    
 
作者: 毕新伟, 著
分册:  
出版信息: 上海   上海交通大学出版社  2017.1
页数: 183页
开本: 24cm
丛书名:
单 册:
中图分类: C913.68
科图分类:
主题词: 妇女学--fu nv xue--社会学--研究
电子资源:
ISBN: 978-7-313-17270-9
000 01160nam0 2200265 450
001 2372488981
005 20231109180438.36
010    @a978-7-313-17270-9@dCNY58.00
100    @a20171125d2017 em y0chiy50 ea
101 0  @achi
102    @aCN@b310000
105    @ay a 001yy
200 1  @a性别与德性@Axing bie yu de xing@e文学的传统及其现代踪影@f毕新伟著
210    @a上海@c上海交通大学出版社@d2017.1
215    @a183页@d24cm
300    @a阜阳师范学院学术著作出版专项经费资助
314    @a毕新伟 (1972-), 河南平舆人, 阜阳师范学院文学院教授, 硕士生导师。
320    @a有书目 (第175-177页) 和索引
330    @a本书探讨晚清以来社会转型以及妇女解放运动对古代女性修身的冲击, 寻找现代女作家与传统女性文化的联系。提出“女性工读文化”与“女性文化守成”两个概念, 用以分析性别与德性在传统与现代社会的不同境遇, 在反思历史的同时对现实问题进行追问, 并对学术界一些重要的研究方法做出自己的评价。
517 1  @a文学的传统及其现代踪影@Awen xue de chuan tong ji qi xian dai zong ying
606 0  @a妇女学@Afu nv xue@x社会学@x研究
690    @aC913.68@v5
701  0 @a毕新伟,@Abi xin wei@f1972-@4著
801  0 @aCN@b山东中教@c20230926
905    @aBZT@dC913.68@e15
    
    性别与德性:文学的传统及其现代踪影/毕新伟著.-上海:上海交通大学出版社,2017.1
    183页;24cm
    阜阳师范学院学术著作出版专项经费资助
    
    ISBN 978-7-313-17270-9:CNY58.00
    本书探讨晚清以来社会转型以及妇女解放运动对古代女性修身的冲击, 寻找现代女作家与传统女性文化的联系。提出“女性工读文化”与“女性文化守成”两个概念, 用以分析性别与德性在传统与现代社会的不同境遇, 在反思历史的同时对现实问题进行追问, 并对学术界一些重要的研究方法做出自己的评价。
●
相关链接 在五车中查询图书 在当当中查询图书 在豆瓣中查询图书


正题名:性别与德性     索取号:C913.68/15         预约/预借

序号 登录号 条形码 馆藏地/架位号 状态 备注
1 2000965797   2000965797   第四书库/四4架A面4层3列/ [索取号:C913.68/15] 在馆    
2 2000965798   2000965798   第四书库/四4架A面4层3列/ [索取号:C913.68/15] 在馆    
3 2000965799   2000965799   第四书库/四4架A面4层3列/ [索取号:C913.68/15] 在馆    
4 2000965800   2000965800   第四书库/四4架A面4层3列/ [索取号:C913.68/15] 在馆    
5 2000965801   2000965801   第四书库/四4架A面4层3列/ [索取号:C913.68/15] 在馆    
6 2000965802   2000965802   第四书库/四4架A面4层3列/ [索取号:C913.68/15] 在馆    
山东省滨州职业学院图书馆 欢迎您!
大连网信软件有限公司© 版权所有